Provinces de Chine - Mort Subite - Statistiques

Statistiques générales
  • Ce quiz a été pris 63 fois
  • Le résultat moyen est 15 sur 33
Answers on the Grid
Answers color-coded by a green-red scale on the quiz's grid according to % correct below.
Pékin
Tianjin
Chongqing
Shanghaï
Mongolie-Intérieure
Guangxi
Tibet
Yunnan
Anhui
Hebei
Hubei
Hunan
Henan
Shanxi
Shaanxi
Jilin
Liaoning
Heilongjiang
Ningxia
Hong Kong
Macao
Xinjiang
Jiangxi
Jiangsu
Fujian
Ganzu
Guizhou
Guangdong
Hainan
Qinghai
Shandong
Sichuan
Zhejiang
Chengdu
Haizou
Taiwan
Shenzhen
Hamamatsu
Sendai
Busan
Urumqi
Langfang
Pyongyang
Bhoutan
Shijiazhuang
Hanoï
Goiânia
Palembang
 
Statistiques - réponses
Réponse % Correct
Xinjiang
77%
Guangxi
61%
Guizhou
58%
Jiangxi
58%
Guangdong
52%
Henan
52%
Jilin
52%
Qinghai
52%
Sichuan
52%
Tianjin
52%
Chongqing
48%
Heilongjiang
48%
Hong Kong
48%
Tibet
48%
Zhejiang
48%
Fujian
45%
Hunan
45%
Macao
45%
Mongolie-Intérieure
45%
Ningxia
45%
Pékin
45%
Shanxi
45%
Anhui
42%
Hebei
42%
Jiangsu
42%
Yunnan
42%
Hainan
39%
Hubei
39%
Shaanxi
39%
Shandong
39%
Liaoning
35%
Shanghaï
35%
Ganzu
26%
Aucun quiz correspondant
Distribution des résultats
% des personnes avec chaque résultat
Percentile par nombre de réponses
Votre historique - résultats
Vous n’avez pas pris ce quiz